Sustainability Assessment Of An Existing Neighbourhood In Pune (Record no. 362084)

MARC details
000 -LEADER
fixed length control field 00313nam a2200097Ia 4500
008 - FIXED-LENGTH DATA ELEMENTS--GENERAL INFORMATION
fixed length control field 241105s9999 xx 000 0 und d
041 ## - LANGUAGE CODE
Language code of text/sound track or separate title eng
100 ## - MAIN ENTRY--PERSONAL NAME
Personal name Yelpure Rashmi
9 (RLIN) 184984
245 ## - TITLE STATEMENT
Title Sustainability Assessment Of An Existing Neighbourhood In Pune
260 ## - PUBLICATION, DISTRIBUTION, ETC. (IMPRINT)
Name of publisher, distributor, etc. BNCA M Arch Environment Architecture
Place of publication, distribution, etc. Pune
Date of publication, distribution, etc. 2023

No items available.